000 00586nam a2200181 i 4500
001 63064
003 ES-MaACL
005 20250911063534.0
007 t|
008 031128m19301931sp ||||1| spa d
100 1 _aFernández de Velasco, Recaredo,
_dn. 1889-
_949721
245 1 0 _aResumen de Derecho administrativo y de Ciencia de la administración /
_cRecaredo Fernández de Velasco.
250 _a2a ed.
260 _aBarcelona :
_bBosch,
_c1930-1931 (
_fNúñez y C.)
300 _a2 v. ;
_c24 cm.
852 _aES-MaACL
_jF-15277-78
_bR.18980
999 _c63064
_d63064